000 01331cam a2200433 ic4500
999 _c3261
_d3261
001 vtls000531940
003 NUKAT
005 20181015110200.0
008 050809s1916 pl a d |000 0 pol c
035 _azz2005951767
039 9 _a201808071425
_bkopwsddroh
_c201801171713
_dkopzkm
_c201709181940
_dkopfranpozn
_c201702101129
_dvuam
040 _aGD U/AJ
_cGD U/AJ
_dGD U/ISSs
_dKR PAU/LP
100 1 _aArct, Michał
_d(1840-1916).
245 1 0 _aM. Arcta słownik ilustrowany języka polskiego.
_nT. 2.
246 3 _aMichała Arcta słownik ilustrowany języka polskiego
246 3 0 _aSłownik ilustrowany języka polskiego
260 _aWarszawa :
_bWydaw. M. Arcta,
_c1916
_e(Warszawa :
_fDrukarnia M. Arcta).
300 _a895 s. :
_bil. ;
_c18 cm.
650 _aJęzyk polski
_vsłowniki.
951 _aKIEL_010
942 _2ddc
_cBK
960 _aGD_U
980 _aSZCZ_U SZCZ_ZUT